00314nam a2200121Ia 4500008004100000041000800041082001400049100002300063245002900086260003900115300003100154365000700185240624s9999 xx 000 0 und d aeng a572.8 BER aBERGERON BRYAN M D aBIOINFORMATICS COMPUTING c2004aNew DelhibPearson Education axxi, : 439 : p. : cm. ; 24 cRS